000 00570nam a22001697a 4500
999 _c15195
_d15195
003 OSt
082 _2631.75807 BIN/EF
088 _aT 159
100 _aBINDU P. K
_92735
245 _aEffect of different shadings on the environmental parameters
260 _aTavanur 2006
_bKelappaji College of Agricultural Engineering and Technology
300 _a126
500 _aEffect of different shadings on the environmental parameters
520 _aEffect of different shadings on the environmental parameters
700 _aEr. Xavier K. Jacob (Guide)
_92455
942 _cTH